The journal of Negro history

Detalles Bibliográficos
Nuevo Título:Journal of African American history (Online)
Autor Corporativo: Association for the Study of Negro Life and History, inc
Formato: Electrónico Revista
Lenguaje:inglés
Publicado: Washington, D.C. : Association for the Study of Negro Life and History, 1916-2001.
Materias:
Acceso en línea:Full text available from Research Library: 01/01/1998 to Fall 2002

MARC

LEADER 00000nas a2200000 a 4500
001 ssj0000054
003 WaSeSS
005 20200512172242.0
006 m d
007 cr n
008 990505d19162001dcuqr p s o 0 a0eng c
010 |a sn 99023392  
016 7 |a 019918216  |2 DE-101 
016 7 |a 1499144-5  |2 DE-600 
022 |a 2325-6842  |y 0022-2992 
035 |a (WaSeSS)ssj0000054 
040 |a EYM  |b eng  |c EYM  |d OCL  |d OCLCQ  |d OCL  |d EYM  |d HUL  |d IUL  |d FJM  |d DLC  |d OCLCQ  |d OCLCO  |d GBVCP  |d DLC  |d OCLCE  |d OCLCQ  |d OCLCF  |d OCLCO  |d OCLCQ  |d DEBBG  |d GILDS  |d VT2  |d OCLCO  |d UUM  |d NJT  |d WaSeSS 
042 |a pcc  |a nsdp 
043 |a n-us--- 
050 0 0 |a E185  |b .J86 
082 0 0 |a 325.260973  |2 23 
130 0 |a Journal of Negro history (Online) 
222 4 |a The journal of Negro history  |b (Online) 
245 1 4 |a The journal of Negro history  |h [electronic resource]. 
260 |a Washington, D.C. :  |b Association for the Study of Negro Life and History,  |c 1916-2001. 
310 |a Quarterly 
362 0 |a Vol. 1, no. 1 (Jan. 1916)-v. 86, no. 3 (summer 2001). 
500 |a Title from title screen (JSTOR, viewed May 5, 1999). 
506 |a License restrictions may limit access. 
515 |a Some issues combined. 
538 |a Mode of access: World Wide Web. 
588 |a Latest issue consulted: Vol. 86, no. 3 (summer, 2001) (JSTOR website, viewed Dec. 04, 2012). 
650 0 |a African Americans  |v Periodicals. 
650 6 |a Noirs américains  |v Périodiques. 
650 7 |a African Americans.  |2 fast  |0 (OCoLC)fst00799558 
650 1 7 |a Negers.  |2 gtt 
655 0 |a Electronic journals. 
710 2 |a Association for the Study of Negro Life and History, inc. 
776 1 |t Journal of Negro history  |x 0022-2992  |w (DLC) 17005861  |w (OCoLC)1782257 
785 0 0 |t Journal of African American history (Online)  |x 2153-5086  |w (DLC) 2006236700  |w (OCoLC)60628423 
856 4 0 |z Full text available from Research Library: 01/01/1998 to Fall 2002  |u https://search.proquest.com/publication/27037